Detalles MARC
| 000 -CABECERA |
| campo de control de longitud fija |
01523nam a2200325 a 4500 |
| 001 - NÚMERO DE CONTROL |
| campo de control |
000017343 |
| 003 - IDENTIFICADOR DEL NÚMERO DE CONTROL |
| campo de control |
DO-SdBNP |
| 005 - FECHA Y HORA DE LA ÚLTIMA TRANSACCIÓN |
| campo de control |
20220913120001.0 |
| 008 - DATOS DE LONGITUD FIJA--INFORMACIÓN GENERAL |
| campo de control de longitud fija |
100323s2009 dr 000 0 spa d |
| 020 ## - NÚMERO INTERNACIONAL ESTÁNDAR DEL LIBRO |
| Número Internacional Estándar del Libro |
9789945427509 |
| 040 ## - FUENTE DE LA CATALOGACIÓN |
| Centro catalogador/agencia de origen |
DO-SdBNP |
| Lengua de catalogación |
spa |
| Centro/agencia transcriptor |
BNPHU |
| 082 #4 - NÚMERO DE LA CLASIFICACIÓN DECIMAL DEWEY |
| Número de clasificación |
305.42 |
| Número de documento/Ítem |
M538m |
| Número de edición |
22 |
| 100 1# - ENTRADA PRINCIPAL--NOMBRE DE PERSONA |
| Nombre de persona |
Méndez, Antonio A., |
| Fechas asociadas al nombre |
1960- |
| 9 (RLIN) |
37997 |
| 245 13 - MENCIÓN DE TÍTULO |
| Título |
La mujer dominicana : |
| Resto del título |
inmigrante en busca de la igualdad / |
| Mención de responsabilidad, etc. |
Antonio A. Méndez. |
| 260 ## - PUBLICACIÓN, DISTRIBUCIÓN, ETC. |
| Lugar de publicación, distribución, etc. |
Santo Domingo : |
| Nombre del editor, distribuidor, etc. |
Nacional, |
| Fecha de publicación, distribución, etc. |
2009. |
| 300 ## - DESCRIPCIÓN FÍSICA |
| Extensión |
217 p. ; |
| Dimensiones |
23 cm. |
| 490 0# - MENCIÓN DE SERIE |
| Mención de serie |
Ultramar |
| 500 ## - NOTA GENERAL |
| Nota general |
Incluye referencias bibliográficas y notas al pie de las páginas |
| 504 ## - NOTA DE BIBLIOGRAFÍA, ETC. |
| Nota de bibliografía, etc. |
Bibliografía: p. 211-217 |
| 505 0# - NOTA DE CONTENIDO CON FORMATO |
| Nota de contenido con formato |
Introducción -- |
| Título |
Teorías sobre la emigración -- |
| -- |
El movimiento feminista: en América Latina y República Dominicana -- |
| -- |
Definiendo el Estado: la aportación de la mujer -- |
| -- |
La realidad de la mujer latinoamericana -- |
| -- |
La realidad de la mujer en la República Dominicana -- |
| -- |
La mujer en la diáspora: la realidad de una vida transnacional -- |
| -- |
La mujer dominicana: aquí y allá -- |
| -- |
Conclusión: apuntes para un futuro común. |
| 586 ## - NOTA DE PREMIOS |
| Nota de premios |
Premio Letras de Ultramar Ensayo |
| 590 ## - NOTA LOCAL (RLIN) |
| Nota local |
Inventariado, 2022/MFF |
| 650 #4 - PUNTO DE ACCESO ADICIONAL DE MATERIA--TÉRMINO DE MATERIA |
| Término de materia o nombre geográfico como elemento de entrada |
Mujeres inmigrantes |
| 9 (RLIN) |
37998 |
| 650 #4 - PUNTO DE ACCESO ADICIONAL DE MATERIA--TÉRMINO DE MATERIA |
| Término de materia o nombre geográfico como elemento de entrada |
Feminismo |
| Subdivisión geográfica |
América Latina |
| 9 (RLIN) |
37999 |
| 650 #4 - PUNTO DE ACCESO ADICIONAL DE MATERIA--TÉRMINO DE MATERIA |
| Término de materia o nombre geográfico como elemento de entrada |
Feminismo |
| Subdivisión geográfica |
República Dominicana |
| 9 (RLIN) |
38000 |
| 650 #4 - PUNTO DE ACCESO ADICIONAL DE MATERIA--TÉRMINO DE MATERIA |
| Término de materia o nombre geográfico como elemento de entrada |
Dominicanas |
| Subdivisión geográfica |
Estados Unidos |
| 9 (RLIN) |
38001 |
| 650 #4 - PUNTO DE ACCESO ADICIONAL DE MATERIA--TÉRMINO DE MATERIA |
| Término de materia o nombre geográfico como elemento de entrada |
Dominicanas |
| Subdivisión geográfica |
América Latina |
| 9 (RLIN) |
12382 |
| 910 ## - DATOS DE OPCIÓN DEL USUARIO (OCLC) |
| Datos de opción del usuario |
Validado. Control de calidad MFF |
| 942 ## - ELEMENTOS DE PUNTO DE ACCESO ADICIONAL (KOHA) |
| Fuente del sistema de clasificación o colocación |
Dewey Decimal Classification |
| Tipo de ítem Koha |
Libro |